<?xml version="1.0" encoding="UTF-8"?>
<collection xmlns="http://www.loc.gov/MARC21/slim">
<record>
  <controlfield tag="001">2780011</controlfield>
  <controlfield tag="005">20210906092545.0</controlfield>
  <datafield tag="024" ind1="8" ind2=" ">
    <subfield code="a">oai:cds.cern.ch:2780011</subfield>
    <subfield code="p">cerncds:FULLTEXT</subfield>
  </datafield>
  <datafield tag="037" ind1=" " ind2=" ">
    <subfield code="a">CERN-PHOTO-202109-114</subfield>
  </datafield>
  <datafield tag="100" ind1=" " ind2=" ">
    <subfield code="0">AUTHOR|(CDS)2050969</subfield>
    <subfield code="0">AUTHOR|(SzGeCERN)632300</subfield>
    <subfield code="a">Traczyk, Piotr</subfield>
    <subfield code="m">piotr.traczyk@cern.ch</subfield>
    <subfield code="u">CERN</subfield>
  </datafield>
  <datafield tag="245" ind1=" " ind2=" ">
    <subfield code="a">Flocks of storks pausing at CERN before migrating southwards</subfield>
  </datafield>
  <datafield tag="260" ind1=" " ind2=" ">
    <subfield code="c">2021</subfield>
  </datafield>
  <datafield tag="269" ind1=" " ind2=" ">
    <subfield code="a">Geneva</subfield>
    <subfield code="b">CERN</subfield>
    <subfield code="c">2021-09-03</subfield>
  </datafield>
  <datafield tag="500" ind1=" " ind2=" ">
    <subfield code="a">General Photo</subfield>
  </datafield>
  <datafield tag="506" ind1=" " ind2=" ">
    <subfield code="a">public</subfield>
  </datafield>
  <datafield tag="520" ind1=" " ind2=" ">
    <subfield code="a">A group of storks taking a pause at CERN before continuing their southward journey. Usually, storks migrate twice a year. The first trip, the prenuptial migration, takes the birds from their wintering grounds to their nesting grounds. The second trip, the postnuptial migration, goes in the opposite direction and takes the storks to their winter quarters. It is most often seen around the end of August, beginning of September.</subfield>
  </datafield>
  <datafield tag="542" ind1=" " ind2=" ">
    <subfield code="d">CERN</subfield>
    <subfield code="g">2021</subfield>
  </datafield>
  <datafield tag="595" ind1=" " ind2=" ">
    <subfield code="a">CERN EDS</subfield>
    <subfield code="s">PHOTOLAB</subfield>
  </datafield>
  <datafield tag="650" ind1="2" ind2="7">
    <subfield code="2">SzGeCERN</subfield>
    <subfield code="a">Life at CERN</subfield>
  </datafield>
  <datafield tag="650" ind1="1" ind2="7">
    <subfield code="2">SzGeCERN</subfield>
    <subfield code="a">Photolab</subfield>
  </datafield>
  <datafield tag="653" ind1="1" ind2=" ">
    <subfield code="9">CERN</subfield>
    <subfield code="a">birds</subfield>
  </datafield>
  <datafield tag="690" ind1="C" ind2=" ">
    <subfield code="a">CERN</subfield>
  </datafield>
  <datafield tag="690" ind1="C" ind2=" ">
    <subfield code="a">PHOTO</subfield>
  </datafield>
  <datafield tag="856" ind1="4" ind2=" ">
    <subfield code="8">2320400</subfield>
    <subfield code="s">225854112</subfield>
    <subfield code="u">http://cds.cern.ch/record/2780011/files/202109-114_001.tif</subfield>
  </datafield>
  <datafield tag="856" ind1="4" ind2=" ">
    <subfield code="8">2320400</subfield>
    <subfield code="s">34442639</subfield>
    <subfield code="u">http://cds.cern.ch/record/2780011/files/202109-114_001.jpg</subfield>
  </datafield>
  <datafield tag="856" ind1="4" ind2=" ">
    <subfield code="8">2320401</subfield>
    <subfield code="s">16031193</subfield>
    <subfield code="u">http://cds.cern.ch/record/2780011/files/202109-114_002.jpg</subfield>
  </datafield>
  <datafield tag="856" ind1="4" ind2=" ">
    <subfield code="8">2320401</subfield>
    <subfield code="s">202096202</subfield>
    <subfield code="u">http://cds.cern.ch/record/2780011/files/202109-114_002.tif</subfield>
  </datafield>
  <datafield tag="856" ind1="4" ind2=" ">
    <subfield code="8">2320402</subfield>
    <subfield code="s">212707736</subfield>
    <subfield code="u">http://cds.cern.ch/record/2780011/files/202109-114_003.tif</subfield>
  </datafield>
  <datafield tag="856" ind1="4" ind2=" ">
    <subfield code="8">2320402</subfield>
    <subfield code="s">22664636</subfield>
    <subfield code="u">http://cds.cern.ch/record/2780011/files/202109-114_003.jpg</subfield>
  </datafield>
  <datafield tag="856" ind1="4" ind2=" ">
    <subfield code="8">2320403</subfield>
    <subfield code="s">198192182</subfield>
    <subfield code="u">http://cds.cern.ch/record/2780011/files/202109-114_004.tif</subfield>
  </datafield>
  <datafield tag="856" ind1="4" ind2=" ">
    <subfield code="8">2320403</subfield>
    <subfield code="s">20629336</subfield>
    <subfield code="u">http://cds.cern.ch/record/2780011/files/202109-114_004.jpg</subfield>
  </datafield>
  <datafield tag="856" ind1="4" ind2=" ">
    <subfield code="8">2320404</subfield>
    <subfield code="s">16862979</subfield>
    <subfield code="u">http://cds.cern.ch/record/2780011/files/202109-114_005.jpg</subfield>
  </datafield>
  <datafield tag="856" ind1="4" ind2=" ">
    <subfield code="8">2320404</subfield>
    <subfield code="s">219438970</subfield>
    <subfield code="u">http://cds.cern.ch/record/2780011/files/202109-114_005.tif</subfield>
  </datafield>
  <datafield tag="856" ind1="4" ind2=" ">
    <subfield code="8">2320405</subfield>
    <subfield code="s">19484418</subfield>
    <subfield code="u">http://cds.cern.ch/record/2780011/files/202109-114_006.jpg</subfield>
  </datafield>
  <datafield tag="856" ind1="4" ind2=" ">
    <subfield code="8">2320405</subfield>
    <subfield code="s">241814298</subfield>
    <subfield code="u">http://cds.cern.ch/record/2780011/files/202109-114_006.tif</subfield>
  </datafield>
  <datafield tag="856" ind1="4" ind2=" ">
    <subfield code="8">2320406</subfield>
    <subfield code="s">10745966</subfield>
    <subfield code="u">http://cds.cern.ch/record/2780011/files/202109-114_007.jpg</subfield>
  </datafield>
  <datafield tag="856" ind1="4" ind2=" ">
    <subfield code="8">2320406</subfield>
    <subfield code="s">143914386</subfield>
    <subfield code="u">http://cds.cern.ch/record/2780011/files/202109-114_007.tif</subfield>
  </datafield>
  <datafield tag="856" ind1="4" ind2=" ">
    <subfield code="8">2320407</subfield>
    <subfield code="s">188516382</subfield>
    <subfield code="u">http://cds.cern.ch/record/2780011/files/202109-114_008.tif</subfield>
  </datafield>
  <datafield tag="856" ind1="4" ind2=" ">
    <subfield code="8">2320407</subfield>
    <subfield code="s">26724377</subfield>
    <subfield code="u">http://cds.cern.ch/record/2780011/files/202109-114_008.jpg</subfield>
  </datafield>
  <datafield tag="856" ind1="4" ind2=" ">
    <subfield code="8">2320408</subfield>
    <subfield code="s">13244153</subfield>
    <subfield code="u">http://cds.cern.ch/record/2780011/files/202109-114_009.jpg</subfield>
  </datafield>
  <datafield tag="856" ind1="4" ind2=" ">
    <subfield code="8">2320408</subfield>
    <subfield code="s">176337110</subfield>
    <subfield code="u">http://cds.cern.ch/record/2780011/files/202109-114_009.tif</subfield>
  </datafield>
  <datafield tag="856" ind1="4" ind2=" ">
    <subfield code="8">2320409</subfield>
    <subfield code="s">22651046</subfield>
    <subfield code="u">http://cds.cern.ch/record/2780011/files/202109-114_010.jpg</subfield>
  </datafield>
  <datafield tag="856" ind1="4" ind2=" ">
    <subfield code="8">2320409</subfield>
    <subfield code="s">251835962</subfield>
    <subfield code="u">http://cds.cern.ch/record/2780011/files/202109-114_010.tif</subfield>
  </datafield>
  <datafield tag="856" ind1="4" ind2=" ">
    <subfield code="8">2320410</subfield>
    <subfield code="s">195904388</subfield>
    <subfield code="u">http://cds.cern.ch/record/2780011/files/202109-114_011.tif</subfield>
  </datafield>
  <datafield tag="856" ind1="4" ind2=" ">
    <subfield code="8">2320410</subfield>
    <subfield code="s">21566612</subfield>
    <subfield code="u">http://cds.cern.ch/record/2780011/files/202109-114_011.jpg</subfield>
  </datafield>
  <datafield tag="856" ind1="4" ind2=" ">
    <subfield code="8">2320413</subfield>
    <subfield code="s">14194850</subfield>
    <subfield code="u">http://cds.cern.ch/record/2780011/files/202109-114_014.jpg</subfield>
  </datafield>
  <datafield tag="856" ind1="4" ind2=" ">
    <subfield code="8">2320413</subfield>
    <subfield code="s">174773858</subfield>
    <subfield code="u">http://cds.cern.ch/record/2780011/files/202109-114_014.tif</subfield>
  </datafield>
  <datafield tag="856" ind1="4" ind2=" ">
    <subfield code="8">2320414</subfield>
    <subfield code="s">152321570</subfield>
    <subfield code="u">http://cds.cern.ch/record/2780011/files/202109-114_015.tif</subfield>
  </datafield>
  <datafield tag="856" ind1="4" ind2=" ">
    <subfield code="8">2320414</subfield>
    <subfield code="s">15243758</subfield>
    <subfield code="u">http://cds.cern.ch/record/2780011/files/202109-114_015.jpg</subfield>
  </datafield>
  <datafield tag="856" ind1="4" ind2=" ">
    <subfield code="8">2320417</subfield>
    <subfield code="s">13291325</subfield>
    <subfield code="u">http://cds.cern.ch/record/2780011/files/202109-114_016 1.jpg</subfield>
  </datafield>
  <datafield tag="856" ind1="4" ind2=" ">
    <subfield code="8">2320417</subfield>
    <subfield code="s">171524256</subfield>
    <subfield code="u">http://cds.cern.ch/record/2780011/files/202109-114_016 1.tif</subfield>
  </datafield>
  <datafield tag="856" ind1="4" ind2=" ">
    <subfield code="8">2320418</subfield>
    <subfield code="s">13136752</subfield>
    <subfield code="u">http://cds.cern.ch/record/2780011/files/202109-114_013 1.jpg</subfield>
  </datafield>
  <datafield tag="856" ind1="4" ind2=" ">
    <subfield code="8">2320418</subfield>
    <subfield code="s">204391088</subfield>
    <subfield code="u">http://cds.cern.ch/record/2780011/files/202109-114_013 1.tif</subfield>
  </datafield>
  <datafield tag="856" ind1="4" ind2=" ">
    <subfield code="8">2320419</subfield>
    <subfield code="s">18872199</subfield>
    <subfield code="u">http://cds.cern.ch/record/2780011/files/202109-114_012 1.jpg</subfield>
  </datafield>
  <datafield tag="856" ind1="4" ind2=" ">
    <subfield code="8">2320419</subfield>
    <subfield code="s">272704582</subfield>
    <subfield code="u">http://cds.cern.ch/record/2780011/files/202109-114_012 1.tif</subfield>
  </datafield>
  <datafield tag="856" ind1="4" ind2=" ">
    <subfield code="8">2320400</subfield>
    <subfield code="s">1086977</subfield>
    <subfield code="u">http://cds.cern.ch/record/2780011/files/202109-114_001.jpg?subformat=icon-1440</subfield>
    <subfield code="x">icon-1440</subfield>
  </datafield>
  <datafield tag="856" ind1="4" ind2=" ">
    <subfield code="8">2320400</subfield>
    <subfield code="s">254943</subfield>
    <subfield code="u">http://cds.cern.ch/record/2780011/files/202109-114_001.jpg?subformat=icon-640</subfield>
    <subfield code="x">icon-640</subfield>
  </datafield>
  <datafield tag="856" ind1="4" ind2=" ">
    <subfield code="8">2320400</subfield>
    <subfield code="s">33627</subfield>
    <subfield code="u">http://cds.cern.ch/record/2780011/files/202109-114_001.jpg?subformat=icon-180</subfield>
    <subfield code="x">icon-180</subfield>
  </datafield>
  <datafield tag="856" ind1="4" ind2=" ">
    <subfield code="8">2320401</subfield>
    <subfield code="s">17851</subfield>
    <subfield code="u">http://cds.cern.ch/record/2780011/files/202109-114_002.jpg?subformat=icon-180</subfield>
    <subfield code="x">icon-180</subfield>
  </datafield>
  <datafield tag="856" ind1="4" ind2=" ">
    <subfield code="8">2320401</subfield>
    <subfield code="s">354263</subfield>
    <subfield code="u">http://cds.cern.ch/record/2780011/files/202109-114_002.jpg?subformat=icon-1440</subfield>
    <subfield code="x">icon-1440</subfield>
  </datafield>
  <datafield tag="856" ind1="4" ind2=" ">
    <subfield code="8">2320401</subfield>
    <subfield code="s">90627</subfield>
    <subfield code="u">http://cds.cern.ch/record/2780011/files/202109-114_002.jpg?subformat=icon-640</subfield>
    <subfield code="x">icon-640</subfield>
  </datafield>
  <datafield tag="856" ind1="4" ind2=" ">
    <subfield code="8">2320402</subfield>
    <subfield code="s">176461</subfield>
    <subfield code="u">http://cds.cern.ch/record/2780011/files/202109-114_003.jpg?subformat=icon-640</subfield>
    <subfield code="x">icon-640</subfield>
  </datafield>
  <datafield tag="856" ind1="4" ind2=" ">
    <subfield code="8">2320402</subfield>
    <subfield code="s">25764</subfield>
    <subfield code="u">http://cds.cern.ch/record/2780011/files/202109-114_003.jpg?subformat=icon-180</subfield>
    <subfield code="x">icon-180</subfield>
  </datafield>
  <datafield tag="856" ind1="4" ind2=" ">
    <subfield code="8">2320402</subfield>
    <subfield code="s">671123</subfield>
    <subfield code="u">http://cds.cern.ch/record/2780011/files/202109-114_003.jpg?subformat=icon-1440</subfield>
    <subfield code="x">icon-1440</subfield>
  </datafield>
  <datafield tag="856" ind1="4" ind2=" ">
    <subfield code="8">2320403</subfield>
    <subfield code="s">133686</subfield>
    <subfield code="u">http://cds.cern.ch/record/2780011/files/202109-114_004.jpg?subformat=icon-640</subfield>
    <subfield code="x">icon-640</subfield>
  </datafield>
  <datafield tag="856" ind1="4" ind2=" ">
    <subfield code="8">2320403</subfield>
    <subfield code="s">23352</subfield>
    <subfield code="u">http://cds.cern.ch/record/2780011/files/202109-114_004.jpg?subformat=icon-180</subfield>
    <subfield code="x">icon-180</subfield>
  </datafield>
  <datafield tag="856" ind1="4" ind2=" ">
    <subfield code="8">2320403</subfield>
    <subfield code="s">537084</subfield>
    <subfield code="u">http://cds.cern.ch/record/2780011/files/202109-114_004.jpg?subformat=icon-1440</subfield>
    <subfield code="x">icon-1440</subfield>
  </datafield>
  <datafield tag="856" ind1="4" ind2=" ">
    <subfield code="8">2320404</subfield>
    <subfield code="s">17795</subfield>
    <subfield code="u">http://cds.cern.ch/record/2780011/files/202109-114_005.jpg?subformat=icon-180</subfield>
    <subfield code="x">icon-180</subfield>
  </datafield>
  <datafield tag="856" ind1="4" ind2=" ">
    <subfield code="8">2320404</subfield>
    <subfield code="s">358122</subfield>
    <subfield code="u">http://cds.cern.ch/record/2780011/files/202109-114_005.jpg?subformat=icon-1440</subfield>
    <subfield code="x">icon-1440</subfield>
  </datafield>
  <datafield tag="856" ind1="4" ind2=" ">
    <subfield code="8">2320404</subfield>
    <subfield code="s">92443</subfield>
    <subfield code="u">http://cds.cern.ch/record/2780011/files/202109-114_005.jpg?subformat=icon-640</subfield>
    <subfield code="x">icon-640</subfield>
  </datafield>
  <datafield tag="856" ind1="4" ind2=" ">
    <subfield code="8">2320405</subfield>
    <subfield code="s">18052</subfield>
    <subfield code="u">http://cds.cern.ch/record/2780011/files/202109-114_006.jpg?subformat=icon-180</subfield>
    <subfield code="x">icon-180</subfield>
  </datafield>
  <datafield tag="856" ind1="4" ind2=" ">
    <subfield code="8">2320405</subfield>
    <subfield code="s">383657</subfield>
    <subfield code="u">http://cds.cern.ch/record/2780011/files/202109-114_006.jpg?subformat=icon-1440</subfield>
    <subfield code="x">icon-1440</subfield>
  </datafield>
  <datafield tag="856" ind1="4" ind2=" ">
    <subfield code="8">2320405</subfield>
    <subfield code="s">93001</subfield>
    <subfield code="u">http://cds.cern.ch/record/2780011/files/202109-114_006.jpg?subformat=icon-640</subfield>
    <subfield code="x">icon-640</subfield>
  </datafield>
  <datafield tag="856" ind1="4" ind2=" ">
    <subfield code="8">2320406</subfield>
    <subfield code="s">16932</subfield>
    <subfield code="u">http://cds.cern.ch/record/2780011/files/202109-114_007.jpg?subformat=icon-180</subfield>
    <subfield code="x">icon-180</subfield>
  </datafield>
  <datafield tag="856" ind1="4" ind2=" ">
    <subfield code="8">2320406</subfield>
    <subfield code="s">330824</subfield>
    <subfield code="u">http://cds.cern.ch/record/2780011/files/202109-114_007.jpg?subformat=icon-1440</subfield>
    <subfield code="x">icon-1440</subfield>
  </datafield>
  <datafield tag="856" ind1="4" ind2=" ">
    <subfield code="8">2320406</subfield>
    <subfield code="s">82447</subfield>
    <subfield code="u">http://cds.cern.ch/record/2780011/files/202109-114_007.jpg?subformat=icon-640</subfield>
    <subfield code="x">icon-640</subfield>
  </datafield>
  <datafield tag="856" ind1="4" ind2=" ">
    <subfield code="8">2320407</subfield>
    <subfield code="s">214697</subfield>
    <subfield code="u">http://cds.cern.ch/record/2780011/files/202109-114_008.jpg?subformat=icon-640</subfield>
    <subfield code="x">icon-640</subfield>
  </datafield>
  <datafield tag="856" ind1="4" ind2=" ">
    <subfield code="8">2320407</subfield>
    <subfield code="s">27716</subfield>
    <subfield code="u">http://cds.cern.ch/record/2780011/files/202109-114_008.jpg?subformat=icon-180</subfield>
    <subfield code="x">icon-180</subfield>
  </datafield>
  <datafield tag="856" ind1="4" ind2=" ">
    <subfield code="8">2320407</subfield>
    <subfield code="s">949518</subfield>
    <subfield code="u">http://cds.cern.ch/record/2780011/files/202109-114_008.jpg?subformat=icon-1440</subfield>
    <subfield code="x">icon-1440</subfield>
  </datafield>
  <datafield tag="856" ind1="4" ind2=" ">
    <subfield code="8">2320408</subfield>
    <subfield code="s">18345</subfield>
    <subfield code="u">http://cds.cern.ch/record/2780011/files/202109-114_009.jpg?subformat=icon-180</subfield>
    <subfield code="x">icon-180</subfield>
  </datafield>
  <datafield tag="856" ind1="4" ind2=" ">
    <subfield code="8">2320408</subfield>
    <subfield code="s">359809</subfield>
    <subfield code="u">http://cds.cern.ch/record/2780011/files/202109-114_009.jpg?subformat=icon-1440</subfield>
    <subfield code="x">icon-1440</subfield>
  </datafield>
  <datafield tag="856" ind1="4" ind2=" ">
    <subfield code="8">2320408</subfield>
    <subfield code="s">92550</subfield>
    <subfield code="u">http://cds.cern.ch/record/2780011/files/202109-114_009.jpg?subformat=icon-640</subfield>
    <subfield code="x">icon-640</subfield>
  </datafield>
  <datafield tag="856" ind1="4" ind2=" ">
    <subfield code="8">2320409</subfield>
    <subfield code="s">117396</subfield>
    <subfield code="u">http://cds.cern.ch/record/2780011/files/202109-114_010.jpg?subformat=icon-640</subfield>
    <subfield code="x">icon-640</subfield>
  </datafield>
  <datafield tag="856" ind1="4" ind2=" ">
    <subfield code="8">2320409</subfield>
    <subfield code="s">20955</subfield>
    <subfield code="u">http://cds.cern.ch/record/2780011/files/202109-114_010.jpg?subformat=icon-180</subfield>
    <subfield code="x">icon-180</subfield>
  </datafield>
  <datafield tag="856" ind1="4" ind2=" ">
    <subfield code="8">2320409</subfield>
    <subfield code="s">457136</subfield>
    <subfield code="u">http://cds.cern.ch/record/2780011/files/202109-114_010.jpg?subformat=icon-1440</subfield>
    <subfield code="x">icon-1440</subfield>
  </datafield>
  <datafield tag="856" ind1="4" ind2=" ">
    <subfield code="8">2320410</subfield>
    <subfield code="s">115127</subfield>
    <subfield code="u">http://cds.cern.ch/record/2780011/files/202109-114_011.jpg?subformat=icon-640</subfield>
    <subfield code="x">icon-640</subfield>
  </datafield>
  <datafield tag="856" ind1="4" ind2=" ">
    <subfield code="8">2320410</subfield>
    <subfield code="s">20520</subfield>
    <subfield code="u">http://cds.cern.ch/record/2780011/files/202109-114_011.jpg?subformat=icon-180</subfield>
    <subfield code="x">icon-180</subfield>
  </datafield>
  <datafield tag="856" ind1="4" ind2=" ">
    <subfield code="8">2320410</subfield>
    <subfield code="s">453962</subfield>
    <subfield code="u">http://cds.cern.ch/record/2780011/files/202109-114_011.jpg?subformat=icon-1440</subfield>
    <subfield code="x">icon-1440</subfield>
  </datafield>
  <datafield tag="856" ind1="4" ind2=" ">
    <subfield code="8">2320413</subfield>
    <subfield code="s">101544</subfield>
    <subfield code="u">http://cds.cern.ch/record/2780011/files/202109-114_014.jpg?subformat=icon-640</subfield>
    <subfield code="x">icon-640</subfield>
  </datafield>
  <datafield tag="856" ind1="4" ind2=" ">
    <subfield code="8">2320413</subfield>
    <subfield code="s">18462</subfield>
    <subfield code="u">http://cds.cern.ch/record/2780011/files/202109-114_014.jpg?subformat=icon-180</subfield>
    <subfield code="x">icon-180</subfield>
  </datafield>
  <datafield tag="856" ind1="4" ind2=" ">
    <subfield code="8">2320413</subfield>
    <subfield code="s">395760</subfield>
    <subfield code="u">http://cds.cern.ch/record/2780011/files/202109-114_014.jpg?subformat=icon-1440</subfield>
    <subfield code="x">icon-1440</subfield>
  </datafield>
  <datafield tag="856" ind1="4" ind2=" ">
    <subfield code="8">2320414</subfield>
    <subfield code="s">130800</subfield>
    <subfield code="u">http://cds.cern.ch/record/2780011/files/202109-114_015.jpg?subformat=icon-640</subfield>
    <subfield code="x">icon-640</subfield>
  </datafield>
  <datafield tag="856" ind1="4" ind2=" ">
    <subfield code="8">2320414</subfield>
    <subfield code="s">22096</subfield>
    <subfield code="u">http://cds.cern.ch/record/2780011/files/202109-114_015.jpg?subformat=icon-180</subfield>
    <subfield code="x">icon-180</subfield>
  </datafield>
  <datafield tag="856" ind1="4" ind2=" ">
    <subfield code="8">2320414</subfield>
    <subfield code="s">496973</subfield>
    <subfield code="u">http://cds.cern.ch/record/2780011/files/202109-114_015.jpg?subformat=icon-1440</subfield>
    <subfield code="x">icon-1440</subfield>
  </datafield>
  <datafield tag="856" ind1="4" ind2=" ">
    <subfield code="8">2320417</subfield>
    <subfield code="s">11781</subfield>
    <subfield code="u">http://cds.cern.ch/record/2780011/files/202109-114_016 1.jpg?subformat=icon-180</subfield>
    <subfield code="x">icon-180</subfield>
  </datafield>
  <datafield tag="856" ind1="4" ind2=" ">
    <subfield code="8">2320417</subfield>
    <subfield code="s">203384</subfield>
    <subfield code="u">http://cds.cern.ch/record/2780011/files/202109-114_016 1.jpg?subformat=icon-1440</subfield>
    <subfield code="x">icon-1440</subfield>
  </datafield>
  <datafield tag="856" ind1="4" ind2=" ">
    <subfield code="8">2320417</subfield>
    <subfield code="s">46739</subfield>
    <subfield code="u">http://cds.cern.ch/record/2780011/files/202109-114_016 1.jpg?subformat=icon-640</subfield>
    <subfield code="x">icon-640</subfield>
  </datafield>
  <datafield tag="856" ind1="4" ind2=" ">
    <subfield code="8">2320418</subfield>
    <subfield code="s">11997</subfield>
    <subfield code="u">http://cds.cern.ch/record/2780011/files/202109-114_013 1.jpg?subformat=icon-180</subfield>
    <subfield code="x">icon-180</subfield>
  </datafield>
  <datafield tag="856" ind1="4" ind2=" ">
    <subfield code="8">2320418</subfield>
    <subfield code="s">166550</subfield>
    <subfield code="u">http://cds.cern.ch/record/2780011/files/202109-114_013 1.jpg?subformat=icon-1440</subfield>
    <subfield code="x">icon-1440</subfield>
  </datafield>
  <datafield tag="856" ind1="4" ind2=" ">
    <subfield code="8">2320418</subfield>
    <subfield code="s">42237</subfield>
    <subfield code="u">http://cds.cern.ch/record/2780011/files/202109-114_013 1.jpg?subformat=icon-640</subfield>
    <subfield code="x">icon-640</subfield>
  </datafield>
  <datafield tag="856" ind1="4" ind2=" ">
    <subfield code="8">2320419</subfield>
    <subfield code="s">15047</subfield>
    <subfield code="u">http://cds.cern.ch/record/2780011/files/202109-114_012 1.jpg?subformat=icon-180</subfield>
    <subfield code="x">icon-180</subfield>
  </datafield>
  <datafield tag="856" ind1="4" ind2=" ">
    <subfield code="8">2320419</subfield>
    <subfield code="s">235548</subfield>
    <subfield code="u">http://cds.cern.ch/record/2780011/files/202109-114_012 1.jpg?subformat=icon-1440</subfield>
    <subfield code="x">icon-1440</subfield>
  </datafield>
  <datafield tag="856" ind1="4" ind2=" ">
    <subfield code="8">2320419</subfield>
    <subfield code="s">64746</subfield>
    <subfield code="u">http://cds.cern.ch/record/2780011/files/202109-114_012 1.jpg?subformat=icon-640</subfield>
    <subfield code="x">icon-640</subfield>
  </datafield>
  <datafield tag="859" ind1=" " ind2=" ">
    <subfield code="f">piotr.traczyk@cern.ch</subfield>
  </datafield>
  <datafield tag="916" ind1=" " ind2=" ">
    <subfield code="s">n</subfield>
    <subfield code="w">202135</subfield>
  </datafield>
  <datafield tag="923" ind1=" " ind2=" ">
    <subfield code="p">CERN</subfield>
    <subfield code="r">&lt;></subfield>
  </datafield>
  <datafield tag="960" ind1=" " ind2=" ">
    <subfield code="a">86</subfield>
  </datafield>
  <datafield tag="963" ind1=" " ind2=" ">
    <subfield code="a">PUBLIC</subfield>
  </datafield>
  <datafield tag="963" ind1=" " ind2=" ">
    <subfield code="b">VISIBLE</subfield>
  </datafield>
  <datafield tag="980" ind1=" " ind2=" ">
    <subfield code="a">PHOTOLABCERN</subfield>
  </datafield>
</record>
</collection>